000 00294nam a22001337a 4500
008 171020b xxu||||| |||| 00| 0 eng d
020 _a0878350810
041 _aeng
080 _a338
100 _a54
101 _aMEN
245 _aSTANDARD BASIC PROGRAMMING
_cQUASNEY,J.S
942 _2udc
_cBK
999 _c35187
_d35187